000 nam a22 7a 4500
999 _c9329
_d9329
008 180127b ||||| |||| 00| 0 eng d
100 _aGupta,A.
_95583
245 _aHands on: Ideas & Activities
260 _aNew Delhi
_bVignesh
_c2005